000 00353nam a2200145Ia 4500
005 20251222144736.0
008 251222s9999||||xx |||||||||||||| ||spa||
020 _a8476250
082 _a616.8/M26
100 _aMartí Massó, J.F.
245 0 _aNeurología Práctica General
250 _a1ra. ed.
264 _bSandoz Pharma S.A.E.
942 _cLIB
999 _c18770
_d18770